| 000 | 00972nam a22003137a 4500 | ||
|---|---|---|---|
| 003 | CHAP | ||
| 005 | 20220817043208.0 | ||
| 008 | 971013s1988 r 00010 d | ||
| 010 | _a68188 | ||
| 011 | _a69160 | ||
| 035 | _a78635 | ||
| 040 | _cCHAP | ||
| 090 | _aFolleto 9977 | ||
| 100 | 0 | 0 |
_aHorton, Douglas E. _956392 |
| 245 |
_aPotato research and development in the Republic of Korea _b: Organization, impact and issues |
||
| 260 |
_aLima : _bCentro Internacional de la Papa, _c1988 |
||
| 300 | _a70 p. | ||
| 500 | _a27-71 | ||
| 590 |
_aBATCH-UPD _b10 _c20130110 _lUCH01 _h1718 |
||
| 590 |
_aBATCH-UPD _b10 _c20130410 _lUCH01 _h1103 |
||
| 590 |
_aBATCH-UPD _b10 _c20130914 _lUCH01 _h0910 |
||
| 590 |
_aCONVERSION _b10 _c20130109 _lUCH01 _h1337 |
||
| 650 | 1 | 4 |
_aPapa _xCorea. _985211 |
| 650 | 1 | 4 |
_aPapa _xInvestigación. _985254 |
| 710 | 0 | _aCentro Internacional de la Papa. | |
| 901 | _aBK | ||
| 942 | _cFOLL | ||
| 949 |
_aFolleto 9977 _bBC _cFOLL _d-31509 _eTS1 _i78635 _si |
||
| 999 |
_c68188 _d68188 |
||